00305nam a2200109Ia 4500008004100000082000800041100001100049245001900060942000600079952009500085999001500180240331s9999 xx 000 0 und d bJEY aJeya M 0aMannum marapum cL 001040708LaWERCLbWERCLcSSCd2024-03-31l0o 809 JEYp4988r2024-03-31w2024-03-31yL c3716d3716